000 00364nam a2200121Ia 4500
005 20251222154400.0
008 251222s9999||||xx |||||||||||||| ||spa||
020 _a978-9972-57-155-8
082 _a330.951/S21
100 _a"Sanborn, Cynthia A.Torres C., Víctor"
245 0 _aLa economía china y las industrias extractivas: Desafíos para el Perú
942 _cLIB
999 _c35254
_d35254